Statistics for Cleveland Browns Starting Quarterbacks 2011-20

Click here to take the quiz!

General Stats

  • This quiz has been taken 35 times
  • The average score is 6 of 10

Answer Stats

YearAnswer% Correct
19-20Baker Mayfield
97%
18-19Baker Mayfield
97%
20-21Baker Mayfield
97%
12-13Brandon Weeden
53%
17-18DeShone Kizer
53%
15-16Josh McCown
41%
14-15Brian Hoyer
38%
13-14Jason Campbell
32%
11-12Colt McCoy
26%
16-17Cody Kessler
24%

Score Distribution

Percentile by Number Answered

Percent of People with Each Score

Your Score History

You have not taken this quiz